Devine le joueur de foot #1 - Statistiques

Statistiques générales
  • Ce quiz a été pris 118 fois
  • Le résultat moyen est 15 sur 27
Statistiques - réponses
Par images Réponse % Correct
Neymar
97%
Ronaldo
97%
Lukaku
85%
Kaka
79%
Cantona
78%
Icardi
78%
Sala
76%
Robertson
74%
Villa
73%
Quaresma
71%
Fernandinho
70%
Gattuso
68%
Baggio
65%
Nedved
63%
Ferdinand
62%
Bailly
61%
Costa
58%
Lindelof
50%
Watkins
48%
Lehman
44%
Dalglish
38%
Kouassi
26%
Fontaine
24%
Mir
18%
Kopa
13%
Matthews
8%
Ngapandouetnbu
7%
Aucun quiz correspondant
Distribution des résultats
% des personnes avec chaque résultat
Percentile par nombre de réponses
Votre historique - résultats
Vous n’avez pas pris ce quiz